00623nam a22001697a 4500952014200000999001700142003000400159005001700163008004100180020001800221040000900239082001800248100002600266245009100292260002800383942004200411 00102ddc40708ENTRANCEaMESbMEScCAREER CORNERd2021-02-25g425.00l0o516.24 MIS/Fp40835r2021-02-25 00:00:00w2021-02-25yBKzU7R5 c41010d41010OSt20210225115208.0210225b ||||| |||| 00| 0 eng d a9789332537835 coclc a516.24bMIS/F 98476aMishra, Sanjay  aFundamentals of Mathematics For JEE Main and Advanced :bTrigonometry /cSanjay Mishra aDelhi:bPearson,c2015. 2ddccBKh516.24iMIS/Fk516.24mMIS/F